000 01856nam a2200349 c 4500
003 BLK
005 20241009005439.0
008 180409b bul|||||r ||||||| ||bul||
010 _aKNG00142764000
040 _aBLK
041 _aBUL
_cBUL
080 _aБългарска литература
_b821.163.2
_x(081.2)
_z821.163.2(081.2)
080 _aБългарска литература
_b821.163.2
_x-1
_z821.163.2-1
100 1 _aРазцветников, Асен
_d1897 - 1951
_qКоларов, Асен Петков
_eпърви автор
_gКоларов, Асен Петков
_9114515
700 1 _aЦанев, Георги
_eпод ред. на
_gАнгелов, Георги Цанев
_9367849
700 1 _aЦанев, Георги
_eпредг. и ред. на том
_gАнгелов, Георги Цанев
_9367849
700 1 _aКоларов, Асен Петков
_e*
_9366358
139 _aРазцветников, Асен
_bР 26
245 1 0 _aИзбрани произведения
_bВ 3 т.
_cАсен Разцветников; под ред. на Георги Цанев; предг. и ред. на том Георги Цанев; * Асен Петков Коларов.
_nТ. 1
_pСтихотворения
257 _aBGR
260 София
_bБълг. писател
_c1963 -
300 _c25 см
380 _aX
500 _aАсен Разцветников е псевд. на Асен Петков Коларов. - 8 100 тир.
760 1 _aРазцветников, Асен
_d1963
_h352 с. : 1 л. портр., 1 л. факс.
_tТ. 1 Стихотворения
852 _aЦб 28353
856 4 _qpdf
_u
856 4 _qpdf
_u
942 _cKNG
_n0
944 _aCR
_c16.05.2013
_lCRON CRON
_k
944 _aED
_c29.10.2015
_l16.05.2013 - от С1,Р / 16.05.2013
_kВиолета_Тройчева
999 _c136807
_d136807